[Event "WCO 2016"]
[Site "?"]
[Date "2016.09.13"]
[Round "11"]
[Board "2"]
[WhiteID "4900839"]
[White "Batchimeg Tuvshintugs"]
[BlackID "2810964"]
[Black "Efroimski Marsel"]
[Result "1/2-1/2"]
[BlackElo "2322"]
[WhiteElo "2391"]
[LiveChessVersion "1.4.8"]

1. d4 {[%clk 1:30:55]} e6 {[%clk 1:30:57]} 2. Nf3 {[%clk 1:30:29]} c5
{[%clk 1:29:40]} 3. e3 {[%clk 1:28:15]} d5 {[%clk 1:28:16]} 4. c4
{[%clk 1:25:33]} Nf6 {[%clk 1:28:39]} 5. Nc3 {[%clk 1:25:47]} a6 {[%clk 1:26:59]}
6. cxd5 {[%clk 1:16:58]} exd5 {[%clk 1:27:22]} 7. Be2 {[%clk 1:16:15]} Bd6
{[%clk 1:26:10]} 8. dxc5 {[%clk 1:15:55]} Bxc5 {[%clk 1:26:35]} 9. O-O
{[%clk 1:15:09]} O-O {[%clk 1:27:00]} 10. b3 {[%clk 1:15:01]} Nc6
{[%clk 1:26:04]} 11. Bb2 {[%clk 1:14:48]} Ba7 {[%clk 1:20:17]} 12. Rc1
{[%clk 1:11:16]} Qd6 {[%clk 1:16:32]} 13. Na4 {[%clk 0:58:25]} Ne4
{[%clk 1:13:01]} 14. Nd4 {[%clk 0:57:56]} Qg6 {[%clk 1:05:52]} 15. Nxc6
{[%clk 0:46:59]} bxc6 {[%clk 1:06:16]} 16. Bd4 {[%clk 0:47:05]} Bh3
{[%clk 1:01:28]} 17. Bf3 {[%clk 0:45:47]} Bb8 {[%clk 1:01:28]} 18. Re1
{[%clk 0:38:08]} Bc7 {[%clk 0:39:51]} 19. Qc2 {[%clk 0:28:34]} Ba5
{[%clk 0:37:23]} 20. Red1 {[%clk 0:27:44]} Rac8 {[%clk 0:36:12]} 21. Nc5
{[%clk 0:23:40]} Ng5 {[%clk 0:30:46]} 22. Qxg6 {[%clk 0:16:27]} Nxf3+
{[%clk 0:30:59]} 23. gxf3 {[%clk 0:16:53]} fxg6 {[%clk 0:31:17]} 24. Nxa6
{[%clk 0:11:40]} Rxf3 {[%clk 0:31:14]} 25. b4 {[%clk 0:11:10]} Bd8
{[%clk 0:24:39]} 26. Be5 {[%clk 0:10:34]} Bg5 {[%clk 0:17:34]} 27. Bg3
{[%clk 0:05:06]} h5 {[%clk 0:16:06]} 28. b5 {[%clk 0:04:32]} cxb5
{[%clk 0:12:40]} 29. Rxc8+ {[%clk 0:04:38]} Bxc8 {[%clk 0:13:04]} 30. Nc7
{[%clk 0:04:16]} h4 {[%clk 0:10:55]} 31. Be5 {[%clk 0:04:13]} Rf7
{[%clk 0:07:37]} 32. Nxb5 {[%clk 0:04:13]} Bg4 {[%clk 0:06:27]} 33. Rxd5
{[%clk 0:04:02]} Bf3 {[%clk 0:06:52]} 34. Rc5 {[%clk 0:04:11]} Rb7
{[%clk 0:05:48]} 35. a4 {[%clk 0:04:16]} Be7 {[%clk 0:05:21]} 36. Rc1
{[%clk 0:03:45]} Bb4 {[%clk 0:02:49]} 37. Rc4 {[%clk 0:03:16]} Be7
{[%clk 0:03:13]} 38. Rc1 {[%clk 0:03:04]} Bb4 {[%clk 0:03:38]} 39. Rc8+
{[%clk 0:03:27]} Kh7 {[%clk 0:03:19]} 40. Rc1 {[%clk 0:32:18]} g5
{[%clk 0:32:04]} 41. h3 {[%clk 0:29:52]} Bd5 {[%clk 0:28:18]} 42. Nc7
{[%clk 0:23:08]} Bb3 {[%clk 0:21:34]} 43. Rb1 {[%clk 0:22:46]} Ba5
{[%clk 0:19:40]} 44. Ne6 {[%clk 0:22:32]} Bd5 {[%clk 0:19:06]} 45. Rxb7
{[%clk 0:21:58]} Bxb7 {[%clk 0:19:33]} 46. Bc7 {[%clk 0:21:41]} Bb4
{[%clk 0:14:50]} 47. Nxg5+ {[%clk 0:21:27]} Kg6 {[%clk 0:14:17]} 48. Ne6
{[%clk 0:20:42]} Kf6 {[%clk 0:13:00]} 49. Nd4 {[%clk 0:20:36]} Ke7
{[%clk 0:13:14]} 50. Bf4 {[%clk 0:20:14]} Kf6 {[%clk 0:12:37]} 51. Bc7
{[%clk 0:18:15]} Ke7 {[%clk 0:13:02]} 52. Bb6 {[%clk 0:17:53]} g6
{[%clk 0:11:49]} 53. a5 {[%clk 0:16:11]} Kd7 {[%clk 0:11:53]} 54. Ne2
{[%clk 0:14:02]} Bd6 {[%clk 0:10:51]} 55. f4 {[%clk 0:11:47]} Be7
{[%clk 0:09:08]} 56. Kf2 {[%clk 0:10:08]} g5 {[%clk 0:08:58]} 57. Nd4
{[%clk 0:03:42]} gxf4 {[%clk 0:07:29]} 58. exf4 {[%clk 0:04:10]} Bd6
{[%clk 0:06:24]} 59. Ne2 {[%clk 0:03:03]} Ke6 {[%clk 0:06:07]} 60. Bd8
{[%clk 0:01:15]} Bc5+ {[%clk 0:03:56]} 61. Kf1 {[%clk 0:01:38]} Kd5
{[%clk 0:03:57]} 62. Bxh4 {[%clk 0:01:26]} Ke4 {[%clk 0:03:09]} 63. Bg5
{[%clk 0:00:49]} Ba6 {[%clk 0:03:03]} 64. Ke1 {[%clk 0:00:58]} Bb4+
{[%clk 0:03:11]} 65. Kf2 {[%clk 0:00:49]} Bc5+ {[%clk 0:03:24]} 66. Ke1
{[%clk 0:01:06]} Bb4+ {[%clk 0:03:39]} 67. Kd1 {[%clk 0:01:13]} Bxa5
{[%clk 0:04:03]} 68. h4 {[%clk 0:00:49]} Kf3 {[%clk 0:02:53]} 69. Nd4+
{[%clk 0:01:07]} Kg4 {[%clk 0:03:17]} 70. Nc2 {[%clk 0:00:41]} Bb6
{[%clk 0:02:32]} 71. Nb4 {[%clk 0:00:42]} Bc4 {[%clk 0:02:09]} 72. Kc2
{[%clk 0:00:36]} Bc7 {[%clk 0:02:24]} 73. Kc3 {[%clk 0:00:40]} Bxf4
{[%clk 0:02:42]} 74. Bxf4 {[%clk 0:00:37]} Kxf4 {[%clk 0:03:08]} 75. Kxc4
{[%clk 0:00:48]} Kg4 {[%clk 0:03:36]} 76. Nd3 {[%clk 0:01:10]} Kxh4
{[%clk 0:04:03]} 1/2-1/2

[Event "WCO 2016"]
[Site "?"]
[Date "2016.09.13"]
[Round "11"]
[Board "3"]
[WhiteID "2802015"]
[White "Klinova Masha"]
[BlackID "4901444"]
[Black "Enkhtuul Altan-Ulzii"]
[Result "1-0"]
[BlackElo "2288"]
[WhiteElo "2290"]
[LiveChessVersion "1.4.8"]

1. e4 {[%clk 1:30:57]} Nf6 {[%clk 1:30:05]} 2. e5 {[%clk 1:31:19]} Nd5
{[%clk 1:30:31]} 3. d4 {[%clk 1:31:47]} d6 {[%clk 1:30:57]} 4. c4
{[%clk 1:31:55]} Nb6 {[%clk 1:31:22]} 5. exd6 {[%clk 1:32:21]} exd6
{[%clk 1:31:49]} 6. Nc3 {[%clk 1:32:26]} Be7 {[%clk 1:32:14]} 7. h3
{[%clk 1:30:36]} O-O {[%clk 1:30:53]} 8. Nf3 {[%clk 1:28:06]} Bf6
{[%clk 1:31:07]} 9. Be3 {[%clk 1:27:23]} Bf5 {[%clk 1:27:21]} 10. b3
{[%clk 1:11:13]} Re8 {[%clk 1:26:22]} 11. Be2 {[%clk 1:07:43]} Nc6
{[%clk 1:17:20]} 12. O-O {[%clk 1:00:51]} a6 {[%clk 1:16:57]} 13. Qd2
{[%clk 1:00:51]} d5 {[%clk 1:15:51]} 14. c5 {[%clk 1:00:23]} Nc8 {[%clk 1:16:15]}
15. Rfe1 {[%clk 0:59:16]} h6 {[%clk 1:13:35]} 16. Bf4 {[%clk 0:51:04]} Be4
{[%clk 1:10:45]} 17. Rad1 {[%clk 0:47:48]} N8e7 {[%clk 1:07:14]} 18. Ne5
{[%clk 0:45:14]} Bxe5 {[%clk 0:55:25]} 19. dxe5 {[%clk 0:36:25]} Ng6
{[%clk 0:54:37]} 20. Nxe4 {[%clk 0:33:19]} dxe4 {[%clk 0:54:42]} 21. e6
{[%clk 0:33:11]} Qxd2 {[%clk 0:29:37]} 22. exf7+ {[%clk 0:32:16]} Kxf7
{[%clk 0:30:06]} 23. Bxd2 {[%clk 0:28:33]} Rad8 {[%clk 0:27:06]} 24. Bc3
{[%clk 0:25:00]} Nge5 {[%clk 0:18:52]} 25. Rxd8 {[%clk 0:23:14]} Rxd8
{[%clk 0:19:18]} 26. Bf1 {[%clk 0:21:53]} Nd3 {[%clk 0:11:12]} 27. Rxe4
{[%clk 0:21:58]} Nxc5 {[%clk 0:11:31]} 28. Bc4+ {[%clk 0:22:08]} Kf8
{[%clk 0:08:21]} 29. Rf4+ {[%clk 0:21:40]} Ke8 {[%clk 0:08:44]} 30. Bxg7
{[%clk 0:21:28]} Rd1+ {[%clk 0:09:10]} 31. Kh2 {[%clk 0:21:47]} b5
{[%clk 0:09:31]} 32. Bf7+ {[%clk 0:19:43]} Kd7 {[%clk 0:04:45]} 33. Bxh6
{[%clk 0:15:56]} Nd3 {[%clk 0:02:43]} 34. Bh5 {[%clk 0:14:16]} Ra1
{[%clk 0:02:50]} 35. Bg4+ {[%clk 0:12:05]} Kd8 {[%clk 0:02:25]} 36. Bg5+
{[%clk 0:11:34]} Ke8 {[%clk 0:02:54]} 37. Rf6 {[%clk 0:09:22]} Nd4
{[%clk 0:01:21]} 38. Be3 {[%clk 0:07:08]} Nc2 {[%clk 0:00:45]} 39. Rxa6
{[%clk 0:04:50]} Ndb4 {[%clk 0:00:37]} 40. Re6+ {[%clk 0:34:21]} Kf7
{[%clk 0:31:06]} 41. Bc5 {[%clk 0:32:22]} Rxa2 {[%clk 0:22:51]} 42. Re7+
{[%clk 0:31:18]} Kf6 {[%clk 0:22:03]} 43. Rxc7 {[%clk 0:31:05]} Nd3
{[%clk 0:18:32]} 44. h4 {[%clk 0:28:55]} Nxc5 {[%clk 0:07:54]} 45. Rxc5
{[%clk 0:29:16]} Nd4 {[%clk 0:08:14]} 46. Rd5 {[%clk 0:25:57]} Rd2
{[%clk 0:08:00]} 47. b4 {[%clk 0:25:10]} Rd3 {[%clk 0:07:09]} 48. g3
{[%clk 0:23:58]} Rd2 {[%clk 0:05:59]} 49. Kg2 {[%clk 0:24:19]} Ke7
{[%clk 0:05:28]} 50. h5 {[%clk 0:24:28]} Kf6 {[%clk 0:05:27]} 51. h6
{[%clk 0:23:59]} Kg6 {[%clk 0:05:17]} 52. Rd6+ {[%clk 0:24:07]} Kf7
{[%clk 0:05:27]} 53. Rd7+ {[%clk 0:21:19]} Kg8 {[%clk 0:05:05]} 54. h7+
{[%clk 0:21:22]} Kh8 {[%clk 0:05:30]} 55. Bf5 {[%clk 0:21:26]} Nf3
{[%clk 0:03:58]} 56. Kxf3 {[%clk 0:21:27]} Rxf2+ {[%clk 0:04:25]} 57. Ke4
{[%clk 0:15:12]} Rf4+ {[%clk 0:04:36]} 58. Kd3 {[%clk 0:12:35]} Rf3+
{[%clk 0:04:12]} 59. Kd4 {[%clk 0:11:31]} Rf4+ {[%clk 0:03:19]} 60. Kc5
{[%clk 0:10:54]} Rc4+ {[%clk 0:03:42]} 61. Kd6 {[%clk 0:11:09]} Rd4+
{[%clk 0:03:26]} 62. Ke7 {[%clk 0:11:16]} Rxd7+ {[%clk 0:01:49]} 63. Bxd7
{[%clk 0:11:36]} Kxh7 {[%clk 0:02:15]} 64. Bxb5 {[%clk 0:11:59]} Kg6
{[%clk 0:02:39]} 65. Bd7 {[%clk 0:12:22]} Kg5 {[%clk 0:02:52]} 66. b5
{[%clk 0:12:44]} Kh5 {[%clk 0:03:17]} 67. b6 {[%clk 0:13:00]} Kg6
{[%clk 0:03:40]} 68. b7 {[%clk 0:13:20]} Kg7 {[%clk 0:04:01]} 69. b8=Q
{[%clk 0:13:24]} Kh7 {[%clk 0:04:22]} 70. Bf5+ {[%clk 0:13:13]} Kh6
{[%clk 0:04:43]} 71. Qf4+ {[%clk 0:13:05]} Kg7 {[%clk 0:05:04]} 72. Qg5+
{[%clk 0:12:46]} Kh8 {[%clk 0:05:14]} 73. Qh6+ {[%clk 0:13:02]} 1-0

[Event "WCO 2016"]
[Site "?"]
[Date "2016.09.13"]
[Round "11"]
[Board "4"]
[WhiteID "4901347"]
[White "Lkhamsuren Uuganbayar"]
[BlackID "2807602"]
[Black "Gutmakher Olga"]
[Result "0-1"]
[BlackElo "2216"]
[WhiteElo "2147"]
[LiveChessVersion "1.4.8"]

1. d4 {[%clk 1:30:57]} d5 {[%clk 1:30:53]} 2. c4 {[%clk 1:31:22]} dxc4
{[%clk 1:31:16]} 3. Nf3 {[%clk 1:31:16]} Nf6 {[%clk 1:31:28]} 4. e3
{[%clk 1:31:37]} b5 {[%clk 1:31:50]} 5. a4 {[%clk 1:30:20]} b4 {[%clk 1:32:11]}
6. Bxc4 {[%clk 1:30:25]} e6 {[%clk 1:32:35]} 7. O-O {[%clk 1:29:52]} Bb7
{[%clk 1:32:57]} 8. Nbd2 {[%clk 1:25:59]} Nbd7 {[%clk 1:33:03]} 9. a5
{[%clk 1:18:58]} c5 {[%clk 1:32:05]} 10. Qe2 {[%clk 1:09:43]} cxd4
{[%clk 1:25:54]} 11. Nxd4 {[%clk 1:09:52]} Rc8 {[%clk 1:22:07]} 12. Rd1
{[%clk 1:04:39]} Qc7 {[%clk 1:18:27]} 13. f3 {[%clk 0:49:12]} Bd6
{[%clk 1:12:29]} 14. Nb5 {[%clk 0:45:29]} Bxh2+ {[%clk 1:11:04]} 15. Kh1
{[%clk 0:45:30]} Qb8 {[%clk 1:07:38]} 16. f4 {[%clk 0:41:13]} Bg3
{[%clk 1:04:54]} 17. a6 {[%clk 0:22:58]} Ba8 {[%clk 1:00:41]} 18. b3
{[%clk 0:08:53]} h5 {[%clk 0:51:39]} 19. Nf1 {[%clk 0:05:13]} Ne4
{[%clk 0:50:17]} 20. Kg1 {[%clk 0:04:55]} Bf2+ {[%clk 0:45:48]} 21. Kh2
{[%clk 0:04:59]} Ndf6 {[%clk 0:44:33]} 22. Qd3 {[%clk 0:01:46]} O-O
{[%clk 0:43:39]} 23. Qe2 {[%clk 0:01:01]} Ng4+ {[%clk 0:39:04]} 24. Kh1
{[%clk 0:01:27]} Qb6 {[%clk 0:37:45]} 25. Nd4 {[%clk 0:00:40]} Nc3
{[%clk 0:36:17]} 26. Qc2 {[%clk 0:00:33]} Qd8 {[%clk 0:34:29]} 27. Nf3
{[%clk 0:00:34]} Nxd1 {[%clk 0:34:38]} 28. Ng5 {[%clk 0:00:45]} g6
{[%clk 0:33:00]} 29. Bd2 {[%clk 0:01:05]} Ndxe3 {[%clk 0:31:37]} 30. Bxe3
{[%clk 0:01:15]} Bxe3 {[%clk 0:31:40]} 31. Qe2 {[%clk 0:01:01]} Bxf4
{[%clk 0:31:27]} 32. Nf3 {[%clk 0:00:48]} Bxf3 {[%clk 0:30:51]} 33. Qxf3
{[%clk 0:00:58]} Qh4+ {[%clk 0:31:09]} 34. Kg1 {[%clk 0:01:23]} Bh2+
{[%clk 0:31:17]} 0-1

[Event "WCO 2016"]
[Site "?"]
[Date "2016.09.13"]
[Round "11"]
[Board "1"]
[WhiteID "13601458"]
[White "Javakhishvili Lela"]
[BlackID "14902052"]
[Black "Theissl Pokorna Regina"]
[Result "1-0"]
[BlackElo "2331"]
[WhiteElo "2486"]
[LiveChessVersion "1.4.8"]

1. d4 {[%clk 1:30:57]} Nf6 {[%clk 1:30:55]} 2. c4 {[%clk 1:31:23]} e6
{[%clk 1:31:22]} 3. Nf3 {[%clk 1:31:48]} b6 {[%clk 1:31:48]} 4. e3
{[%clk 1:31:56]} Bb7 {[%clk 1:31:57]} 5. Bd3 {[%clk 1:32:12]} d5 {[%clk 1:29:54]}
6. O-O {[%clk 1:32:28]} Bd6 {[%clk 1:28:44]} 7. Nc3 {[%clk 1:32:48]} O-O
{[%clk 1:27:09]} 8. b3 {[%clk 1:31:31]} a6 {[%clk 1:25:19]} 9. Bb2
{[%clk 1:31:39]} Nbd7 {[%clk 1:25:14]} 10. Rc1 {[%clk 1:31:45]} Ne4
{[%clk 1:21:13]} 11. Qc2 {[%clk 1:23:39]} f5 {[%clk 1:21:16]} 12. Ne2
{[%clk 1:23:11]} Rf6 {[%clk 0:57:31]} 13. cxd5 {[%clk 1:15:09]} exd5
{[%clk 0:56:00]} 14. Ng3 {[%clk 1:07:56]} Bxg3 {[%clk 0:43:37]} 15. fxg3
{[%clk 0:50:35]} Rc8 {[%clk 0:40:10]} 16. Qe2 {[%clk 0:50:12]} a5
{[%clk 0:39:18]} 17. Ne5 {[%clk 0:48:31]} Nxe5 18. dxe5 {[%clk 0:48:57]} Rf8
{[%clk 0:34:00]} 19. g4 {[%clk 0:37:40]} Qd7 {[%clk 0:30:36]} 20. gxf5
{[%clk 0:31:09]} Rxf5 {[%clk 0:30:37]} 21. Rf4 {[%clk 0:31:33]} Rcf8
{[%clk 0:29:05]} 22. Rxf5 {[%clk 0:23:38]} Rxf5 {[%clk 0:27:51]} 23. Bxe4
{[%clk 0:23:54]} dxe4 {[%clk 0:28:16]} 24. Qc4+ {[%clk 0:24:19]} Bd5
{[%clk 0:20:15]} 25. Qxc7 {[%clk 0:23:52]} Qxc7 {[%clk 0:20:42]} 26. Rxc7
{[%clk 0:24:19]} Rf7 {[%clk 0:21:07]} 27. Rc8+ {[%clk 0:22:48]} Rf8
{[%clk 0:21:31]} 28. Rc7 {[%clk 0:16:23]} Rf7 {[%clk 0:21:39]} 29. Rc2
{[%clk 0:14:38]} h5 {[%clk 0:19:45]} 30. Bd4 {[%clk 0:12:46]} a4 {[%clk 0:16:56]}
31. Rc8+ {[%clk 0:07:30]} Kh7 {[%clk 0:01:56]} 32. Rd8 {[%clk 0:06:53]} Be6
{[%clk 0:01:42]} 33. Rd6 {[%clk 0:06:21]} Re7 {[%clk 0:01:34]} 34. Rxb6
{[%clk 0:04:17]} axb3 {[%clk 0:01:57]} 35. axb3 {[%clk 0:04:45]} Kg6
{[%clk 0:02:11]} 36. b4 {[%clk 0:04:03]} Kf5 {[%clk 0:02:32]} 37. Rb8
{[%clk 0:04:02]} Rc7 {[%clk 0:02:16]} 38. Rf8+ {[%clk 0:04:23]} Kg6
{[%clk 0:01:56]} 39. Bc5 {[%clk 0:02:59]} Rd7 {[%clk 0:01:43]} 40. Bd4
{[%clk 0:32:36]} Rb7 {[%clk 0:31:25]} 41. Bc5 {[%clk 0:32:16]} Rd7
{[%clk 0:31:51]} 42. h3 {[%clk 0:28:28]} Rd1+ {[%clk 0:29:23]} 43. Kh2
{[%clk 0:28:51]} Rb1 {[%clk 0:29:35]} 44. Rf2 {[%clk 0:23:23]} Bc4
{[%clk 0:25:55]} 45. Kg3 {[%clk 0:23:08]} Be6 {[%clk 0:23:44]} 46. Kf4
{[%clk 0:23:30]} Bd5 {[%clk 0:24:11]} 47. Rd2 {[%clk 0:23:09]} Rf1+
{[%clk 0:24:35]} 48. Kg3 {[%clk 0:23:32]} Be6 {[%clk 0:19:19]} 49. b5
{[%clk 0:22:59]} Rb1 {[%clk 0:19:44]} 50. b6 {[%clk 0:23:24]} Rb5
{[%clk 0:18:58]} 51. Bd4 {[%clk 0:23:34]} Bd5 {[%clk 0:19:06]} 52. Kf4
{[%clk 0:22:55]} Kh6 {[%clk 0:13:43]} 53. Kf5 {[%clk 0:22:08]} 1-0

[Event "WCO 2016"]
[Site "?"]
[Date "2016.09.13"]
[Round "11"]
[Board "2"]
[WhiteID "1621629"]
[White "Newrkla Katharina"]
[BlackID "13602640"]
[Black "Khotenashvili Bela"]
[Result "1/2-1/2"]
[BlackElo "2463"]
[WhiteElo "2214"]
[LiveChessVersion "1.4.8"]

1. e4 {[%clk 1:30:58]} c6 {[%clk 1:30:51]} 2. d4 {[%clk 1:31:23]} g6
{[%clk 1:31:17]} 3. Nc3 {[%clk 1:31:46]} d5 {[%clk 1:31:39]} 4. e5
{[%clk 1:28:18]} Bg7 {[%clk 1:31:35]} 5. f4 {[%clk 1:27:37]} Nh6 {[%clk 1:31:35]}
6. Be2 {[%clk 1:25:30]} O-O {[%clk 1:29:53]} 7. Be3 {[%clk 1:18:27]} f6
{[%clk 1:26:42]} 8. Qd2 {[%clk 1:06:00]} b6 {[%clk 1:12:00]} 9. O-O-O
{[%clk 0:58:55]} Na6 {[%clk 0:59:07]} 10. h4 {[%clk 0:48:53]} Nc7
{[%clk 0:47:58]} 11. h5 {[%clk 0:47:49]} Bf5 {[%clk 0:40:58]} 12. hxg6
{[%clk 0:42:27]} hxg6 {[%clk 0:40:31]} 13. Nh3 {[%clk 0:42:26]} Qd7
{[%clk 0:37:26]} 14. Nf2 {[%clk 0:40:06]} Ng4 {[%clk 0:36:45]} 15. Nxg4
{[%clk 0:36:57]} Bxg4 {[%clk 0:37:13]} 16. Rh4 {[%clk 0:37:15]} Bxe2
{[%clk 0:36:39]} 17. Qxe2 {[%clk 0:36:14]} Kf7 {[%clk 0:29:34]} 18. Rdh1
{[%clk 0:22:07]} Rh8 {[%clk 0:29:07]} 19. g4 {[%clk 0:21:34]} Rxh4
{[%clk 0:25:55]} 20. Rxh4 {[%clk 0:22:00]} Rh8 {[%clk 0:23:20]} 21. Rxh8
{[%clk 0:22:17]} Bxh8 {[%clk 0:23:48]} 22. Qh2 {[%clk 0:22:03]} Bg7
{[%clk 0:18:48]} 23. f5 {[%clk 0:20:02]} gxf5 {[%clk 0:18:00]} 24. Qh5+
{[%clk 0:20:18]} Kg8 {[%clk 0:16:14]} 25. exf6 {[%clk 0:15:55]} exf6
{[%clk 0:14:17]} 26. gxf5 {[%clk 0:16:19]} Ne8 {[%clk 0:12:53]} 27. Bf4
{[%clk 0:08:47]} Qe7 {[%clk 0:05:16]} 28. Ne2 {[%clk 0:02:03]} Bf8
{[%clk 0:04:27]} 29. Kd2 {[%clk 0:01:19]} Ng7 {[%clk 0:04:37]} 30. Qg6
{[%clk 0:00:58]} Qb4+ {[%clk 0:03:57]} 31. Kd3 {[%clk 0:00:41]} Qxb2
{[%clk 0:01:40]} 32. Qxf6 {[%clk 0:00:54]} Qa3+ {[%clk 0:01:40]} 33. c3
{[%clk 0:00:44]} Qxa2 {[%clk 0:01:58]} 34. Qxc6 {[%clk 0:00:36]} Qb1+
{[%clk 0:02:23]} 35. Kd2 {[%clk 0:00:52]} Qxf5 {[%clk 0:02:45]} 36. Be5
{[%clk 0:00:43]} Qe6 {[%clk 0:03:13]} 37. Qb7 {[%clk 0:00:36]} Qf7
{[%clk 0:03:40]} 38. Qxf7+ {[%clk 0:00:39]} Kxf7 {[%clk 0:04:08]} 39. Nf4
{[%clk 0:01:04]} Nf5 {[%clk 0:02:13]} 40. Nxd5 {[%clk 0:31:25]} Bd6
{[%clk 0:31:53]} 41. Bxd6 {[%clk 0:25:23]} Nxd6 {[%clk 0:30:38]} 42. Kc2
{[%clk 0:23:32]} b5 {[%clk 0:28:26]} 43. Kb3 {[%clk 0:23:50]} a5 {[%clk 0:28:46]}
44. Nb6 {[%clk 0:22:35]} Ke6 {[%clk 0:27:21]} 45. c4 {[%clk 0:20:02]} a4+
{[%clk 0:27:20]} 46. Nxa4 {[%clk 0:19:09]} bxa4+ 1/2-1/2

[Event "WCO 2016"]
[Site "?"]
[Date "2016.09.13"]
[Round "11"]
[Board "3"]
[WhiteID "13602993"]
[White "Batsiashvili Nino"]
[BlackID "1620550"]
[Black "Exler Veronika"]
[Result "1-0"]
[BlackElo "2220"]
[WhiteElo "2474"]
[LiveChessVersion "1.4.8"]

1. d4 {[%clk 1:30:57]} d5 {[%clk 1:30:57]} 2. c4 {[%clk 1:31:20]} e6
{[%clk 1:31:25]} 3. Nc3 {[%clk 1:31:47]} Bb4 {[%clk 1:31:51]} 4. a3
{[%clk 1:32:04]} Bxc3+ {[%clk 1:32:15]} 5. bxc3 {[%clk 1:32:30]} Nf6
{[%clk 1:31:53]} 6. e3 {[%clk 1:32:48]} O-O {[%clk 1:31:58]} 7. cxd5
{[%clk 1:33:13]} exd5 {[%clk 1:32:25]} 8. Bd3 {[%clk 1:33:39]} c5
{[%clk 1:32:38]} 9. Ne2 {[%clk 1:33:59]} b6 {[%clk 1:33:04]} 10. O-O
{[%clk 1:34:04]} Ba6 {[%clk 1:33:29]} 11. f3 {[%clk 1:33:15]} Bxd3
{[%clk 1:32:48]} 12. Qxd3 {[%clk 1:33:43]} Re8 {[%clk 1:33:08]} 13. Ng3
{[%clk 1:34:06]} Nc6 {[%clk 1:33:29]} 14. Bb2 {[%clk 1:33:49]} c4
{[%clk 1:32:41]} 15. Qe2 {[%clk 1:30:02]} h5 {[%clk 1:28:01]} 16. Qf2
{[%clk 1:30:21]} Qd7 {[%clk 1:22:34]} 17. Rae1 {[%clk 1:30:00]} g6
{[%clk 1:15:13]} 18. Bc1 {[%clk 1:11:53]} b5 {[%clk 1:00:46]} 19. e4
{[%clk 1:11:02]} h4 {[%clk 1:00:52]} 20. Nh1 {[%clk 1:11:15]} dxe4
{[%clk 1:00:12]} 21. Qxh4 {[%clk 1:10:17]} Nd5 {[%clk 0:55:10]} 22. fxe4
{[%clk 1:08:39]} Nxc3 {[%clk 0:55:34]} 23. d5 {[%clk 1:08:18]} Nd4
{[%clk 0:54:31]} 24. Ng3 {[%clk 1:06:08]} a5 {[%clk 0:32:14]} 25. Qf6
{[%clk 0:51:52]} Nde2+ {[%clk 0:11:44]} 26. Nxe2 {[%clk 0:51:48]} Qa7+
{[%clk 0:11:57]} 27. Kh1 {[%clk 0:40:06]} Nxe4 {[%clk 0:12:22]} 28. Qf3
{[%clk 0:35:32]} b4 {[%clk 0:12:29]} 29. Be3 {[%clk 0:33:35]} Qd7
{[%clk 0:11:47]} 30. Nf4 {[%clk 0:28:08]} c3 {[%clk 0:11:49]} 31. Bc1
{[%clk 0:11:18]} Nc5 {[%clk 0:03:08]} 32. Rxe8+ {[%clk 0:08:22]} Rxe8
{[%clk 0:03:37]} 33. axb4 {[%clk 0:08:36]} axb4 {[%clk 0:04:06]} 34. Nd3
{[%clk 0:08:48]} Nxd3 {[%clk 0:01:24]} 35. Qxd3 {[%clk 0:09:16]} Rd8
{[%clk 0:00:53]} 36. Qc4 {[%clk 0:07:24]} Qxd5 {[%clk 0:01:11]} 37. Qxb4
{[%clk 0:07:50]} Qd3 {[%clk 0:00:39]} 38. Qf4 {[%clk 0:08:16]} Rd7
{[%clk 0:01:02]} 39. Qf6 {[%clk 0:07:06]} c2 {[%clk 0:01:19]} 40. Bh6
{[%clk 0:35:59]} Qxf1+ {[%clk 0:31:05]} 41. Qxf1 {[%clk 0:36:27]} Rd1
{[%clk 0:31:26]} 42. Kg1 {[%clk 0:36:50]} f6 {[%clk 0:22:22]} 43. Be3
{[%clk 0:36:43]} Kf7 {[%clk 0:22:45]} 44. Kf2 {[%clk 0:37:05]} Rxf1+
{[%clk 0:23:12]} 45. Kxf1 {[%clk 0:37:31]} Ke6 {[%clk 0:23:37]} 46. Ke2
{[%clk 0:37:53]} Kf5 {[%clk 0:23:43]} 47. Kd3 {[%clk 0:38:15]} Kg4
{[%clk 0:24:00]} 48. Kxc2 {[%clk 0:38:27]} f5 {[%clk 0:24:26]} 49. Kd3
{[%clk 0:38:32]} f4 {[%clk 0:24:50]} 50. Bf2 {[%clk 0:38:46]} Kf5
{[%clk 0:23:18]} 51. Kd4 {[%clk 0:38:56]} g5 {[%clk 0:20:24]} 52. h3
{[%clk 0:38:45]} f3 {[%clk 0:19:45]} 53. g3 {[%clk 0:39:08]} g4 {[%clk 0:20:04]}
54. hxg4+ {[%clk 0:39:18]} Kxg4 {[%clk 0:20:28]} 55. Ke3 {[%clk 0:39:44]} 1-0

[Event "WCO 2016"]
[Site "?"]
[Date "2016.09.13"]
[Round "11"]
[Board "4"]
[WhiteID "1622080"]
[White "Hapala Elisabeth"]
[BlackID "13602446"]
[Black "Melia Salome"]
[Result "1/2-1/2"]
[BlackElo "2419"]
[WhiteElo "2021"]
[LiveChessVersion "1.4.8"]

1. e4 {[%clk 1:30:59]} c5 {[%clk 1:30:48]} 2. Nf3 {[%clk 1:31:24]} d6
{[%clk 1:31:14]} 3. d4 {[%clk 1:31:51]} cxd4 {[%clk 1:31:40]} 4. Nxd4
{[%clk 1:32:19]} Nf6 {[%clk 1:32:03]} 5. Nc3 {[%clk 1:32:46]} g6 {[%clk 1:32:28]}
6. Be3 {[%clk 1:33:03]} Bg7 {[%clk 1:32:47]} 7. f3 {[%clk 1:32:59]} Nc6
{[%clk 1:32:43]} 8. Qd2 {[%clk 1:33:17]} O-O {[%clk 1:30:38]} 9. Bc4
{[%clk 1:33:24]} Bd7 {[%clk 1:30:37]} 10. O-O-O {[%clk 1:33:40]} Rc8
{[%clk 1:28:47]} 11. Bb3 {[%clk 1:33:59]} Na5 {[%clk 1:27:23]} 12. Kb1
{[%clk 1:33:41]} Nc4 {[%clk 1:12:05]} 13. Bxc4 {[%clk 1:33:55]} Rxc4
{[%clk 1:12:33]} 14. g4 {[%clk 1:33:52]} Qb8 {[%clk 1:01:20]} 15. h4
{[%clk 1:28:22]} Rfc8 {[%clk 0:48:00]} 16. Nd5 {[%clk 1:10:35]} Nxd5
{[%clk 0:48:02]} 17. exd5 {[%clk 1:10:51]} e5 {[%clk 0:39:15]} 18. dxe6
{[%clk 1:08:59]} fxe6 {[%clk 0:39:02]} 19. h5 {[%clk 1:06:21]} Be8
{[%clk 0:36:03]} 20. b3 {[%clk 0:43:17]} Rc3 {[%clk 0:26:31]} 21. Bh6
{[%clk 0:42:35]} Bxd4 {[%clk 0:26:15]} 22. Qxd4 {[%clk 0:42:58]} e5
{[%clk 0:26:21]} 23. Qxd6 {[%clk 0:36:11]} Qxd6 {[%clk 0:26:41]} 24. Rxd6
{[%clk 0:36:40]} Rxc2 {[%clk 0:25:22]} 25. Rhd1 {[%clk 0:27:45]} R2c3
{[%clk 0:20:19]} 26. Rf6 {[%clk 0:25:00]} Bc6 {[%clk 0:18:01]} 27. hxg6
{[%clk 0:20:10]} Rxf3 {[%clk 0:16:38]} 28. gxh7+ {[%clk 0:14:39]} Kxh7
{[%clk 0:17:02]} 29. Rdd6 {[%clk 0:14:32]} Rxf6 {[%clk 0:05:55]} 30. Rxf6
{[%clk 0:15:01]} Rg8 {[%clk 0:06:11]} 31. Be3 {[%clk 0:06:20]} Rxg4
{[%clk 0:05:51]} 32. Bxa7 {[%clk 0:06:48]} Rg2 {[%clk 0:05:38]} 33. Re6
{[%clk 0:06:18]} Re2 {[%clk 0:04:57]} 34. b4 {[%clk 0:03:43]} Bd5
{[%clk 0:03:51]} 35. Re7+ {[%clk 0:04:01]} Kg6 {[%clk 0:04:15]} 36. a4
{[%clk 0:04:02]} Kf6 {[%clk 0:04:01]} 37. Bc5 {[%clk 0:04:03]} Be4+
{[%clk 0:01:46]} 38. Ka1 {[%clk 0:04:18]} Bd5 {[%clk 0:02:00]} 39. a5
{[%clk 0:04:13]} Kf5 {[%clk 0:00:58]} 40. Kb1 {[%clk 0:33:08]} Ke4
{[%clk 0:30:50]} 41. Bd6 {[%clk 0:19:51]} Kd4 {[%clk 0:29:30]} 42. b5
{[%clk 0:20:15]} e4 {[%clk 0:17:35]} 43. a6 {[%clk 0:16:58]} bxa6
{[%clk 0:17:57]} 44. bxa6 {[%clk 0:17:23]} Kc3 {[%clk 0:09:38]} 45. Be5+
{[%clk 0:08:44]} Kb3 {[%clk 0:09:46]} 46. Bf4 {[%clk 0:09:09]} e3
{[%clk 0:01:56]} 47. Rxe3+ {[%clk 0:09:32]} Rxe3 {[%clk 0:02:22]} 1/2-1/2